Statistiche per Capoluoghi e Iniziali delle Regioni - Quiz n°11

Clicka qui per fare il quiz!

Statistiche generali

  • Questo quiz è stato fatto 9 volte
  • Il punteggio medio è 9 su 11

Statistiche sulle risposte

HintRisposta% Corretto
CataniaS
100%
SassariS
100%
ParmaE
86%
Reggio EmiliaE
86%
SavonaL
86%
AnconaM
86%
RietiL
71%
BergamoL
71%
CarraraT
71%
PistoiaT
57%
RovigoV
57%

Distribuzione punteggi

Percentile per numero di risposta

Percentuale di utenti per punteggio

I tuoi punteggi nel tempo

Non hai fatto questo quiz